First Five: Geography Quiz Stats

 Plays Quiz Updated May 9, 2019

Score 0/30 Timer 06:00
8 Plays Today
% Correct
China (c. 18th Century)
97.4%
United States (1968-1969)
96.4%
India (c. 19th Century)
94.9%
Brazil (2010-2011)
87.3%
Brazil
87.3%
Germany
81.5%
France
74.6%
Austria
70.3%
Indonesia (1996-1997)
70.2%
Ecuador
70.2%
South Africa (1910)
68%
Switzerland
67.7%
Oslo, Norway (59°57′ N)
65.3%
Helsinki, Finland (60°10′ N)
61.4%
Stockholm, Sweden (59°19′ N)
61.3%
% Correct
Reykjavík, Iceland (64°08' N)
58.8%
Egypt (1922)
57.9%
Colombia
54.4%
Liechtenstein
49.6%
Sudan (1956)
48.9%
Ghana (1957)
44%
Ankara
37.4%
Tallinn, Estonia (59°26′ N)
36.8%
Somalia (1960)
33.6%
Amman
31%
Abu Dhabi
23%
Ashgabat
22.4%
Baghdad
21.1%
São Tomé and Príncipe
18.7%
Kiribati
16.8%

You're not logged in!

Compare scores with friends on all Sporcle quizzes.
OR
Log In

Show Comments

Extras

Top Quizzes Today


Score Distribution

Your Account Isn't Verified!

In order to create a playlist on Sporcle, you need to verify the email address you used during registration. Go to your Sporcle Settings to finish the process.

Report this User

Report this user for behavior that violates our Community Guidelines.

Details: